Tabla de Contenidos: volumen 32, 2006
Se comenta el libro de María Flórez-Estrada "Economía del género: El valor simbólico y económico de las mujeres", donde se señalan los aporte que dicha obra tiene.
Guardat en:
| Format: | Text |
|---|---|
| Idioma: | Spanish |
| Etiquetes: |
Afegir etiqueta
Sense etiquetes, Sigues el primer a etiquetar aquest registre!
|
MARC
| LEADER | 00000 a a2200000 04500 | ||
|---|---|---|---|
| 003 | cru CRAI/IIS | ||
| 005 | 20210616131406.0 | ||
| 008 | 210616b |||||||| |||| 00| 0 spa d | ||
| 040 | |c cru CRAI/IIS | ||
| 245 | |a Tabla de Contenidos: |b volumen 32, 2006 | ||
| 505 | |a Contenido: 1.La actividad turística en América Central: Desarrollo y características /Gilbert Vargas Ulate. -- 2.El ocaso de los presidencialismos centroamericanos / Jean Paul Vargas. -- 3.Teatro, estado y promoción cultural en Guatemala /Chester Urbina Gaitán. -- 4.Las apuestas del poder sobre el cuerpo de las mujeres. Las relaciones entre el estado, la jerarquía eclesiástica y el movimiento feminista alrededor del aborto en Costa Rica y Nicaragua /Laura Fuentes Belgrave. -- 5.Apuestas igualitarias del IMAS durante el gobierno de Pacheco De La Espriella (2002-2006): Redistribuyendo recursos y asignando compromisos institucionales hacia la persona pobre /Mauricio López Ruiz. -- 6.Desarrollo capitalista, colonialismo y resistencia en Limón / Carmen Caamaño Morúa. -- 7.¿Cuánto pesa el género en las políticas económicas? comentario al libro: "Economia del género: el valor simbólico y económico de las mujeres" de María Florez-Estrada / Lara Blanco Rothe | ||
| 520 | |a Se comenta el libro de María Flórez-Estrada "Economía del género: El valor simbólico y económico de las mujeres", donde se señalan los aporte que dicha obra tiene. | ||
| 590 | |a RRA/AGOSTO2010 | ||
| 773 | 0 | |0 18765 |9 5212 |a Universidad de Costa Rica. |d San José, Costa Rica: Editorial Universidad de Costa Rica, 1974- |o 09549 |t Anuario de Estudios Centroamericanos / |x 03777316 | |
| 942 | |2 ddc |c PP | ||
| 999 | |c 43706 |d 43706 | ||
